Fundamentos de Matemáticas : (Record no. 23641)

000 -CABECERA
fixed length control field 01194nam a22002897i 4500
003 - IDENTIFICADOR DEL NÚMERO DE CONTROL
control field AR-CdUCM
008 - DATOS DE LONGITUD FIJA--INFORMACIÓN GENERAL
fixed length control field 260427b d|||| |||| 00| 0 spa d
020 ## - NÚMERO INTERNACIONAL ESTÁNDAR DEL LIBRO
ISBN 978-9972-57-334-7
040 ## - FUENTE DE LA CATALOGACIÓN
Agencia/entidad que catalogó originalmente la obra MUNICIPALIDAD PROVINCIAL DEL CUSCO
Entidad que transcribió la catalogación BIBLIOTECA MUNICIPAL DEL CUSCO
082 ## - NÚMERO DE LA CLASIFICACIÓN DECIMAL DEWEY
No. de Clasificación 510
Notacion interna C85
100 ## - ENTRADA PRINCIPAL--NOMBRE DE PERSONA
Nombre Personal Cotrina, John
245 ## - MENCIÓN DE TÍTULO
Título Fundamentos de Matemáticas :
Resto del título (Apuntes de estudio 81) /
260 ## - PUBLICACIÓN, DISTRIBUCIÓN, ETC.
Lugar de publicación, distribución, etc. Lima, Perú :
Nombre de la editorial, distribuidor, etc. Universidad del Pacífico
Fecha de publicación, distribución, etc. 2015
300 ## - DESCRIPCIÓN FÍSICA
Nº de Páginas Extensión 199 páginas. :
Dimensiones 17x22 cm.
500 ## - NOTA GENERAL
Bibliografía Bibliografía : páginas del 195 - 196
505 ## - NOTA DE CONTENIDO CON FORMATO
Nota de contenido formateada Lógica y conjuntos -- Conjuntos -- Subconjuntos -- Conjuntos numéricos -- Conjuntos finitos -- Fundamentos de Álgebra -- Leyes de exponentes -- Polinomios -- Sistema de ecuaciones lineales -- Valor absoluto -- Tópicos de Aritmética -- Geometría Analítica -- Tópicos de Trigonometría
650 ## - PUNTO DE ACCESO ADICIONAL DE MATERIA--TÉRMINO DE MATERIA
Descriptor Matemáticas
9 (RLIN) 9398
650 ## - PUNTO DE ACCESO ADICIONAL DE MATERIA--TÉRMINO DE MATERIA
Descriptor Lógica
9 (RLIN) 2358
650 ## - PUNTO DE ACCESO ADICIONAL DE MATERIA--TÉRMINO DE MATERIA
Descriptor Conjuntos
9 (RLIN) 27203
650 ## - PUNTO DE ACCESO ADICIONAL DE MATERIA--TÉRMINO DE MATERIA
Descriptor Álgebra
9 (RLIN) 52716
650 ## - PUNTO DE ACCESO ADICIONAL DE MATERIA--TÉRMINO DE MATERIA
Descriptor Aritmética
9 (RLIN) 52717
650 ## - PUNTO DE ACCESO ADICIONAL DE MATERIA--TÉRMINO DE MATERIA
Descriptor Geometría Analítica
9 (RLIN) 52718
650 ## - PUNTO DE ACCESO ADICIONAL DE MATERIA--TÉRMINO DE MATERIA
Descriptor Trigonometría
9 (RLIN) 52719
942 ## - ELEMENTOS DE PUNTO DE ACCESO ADICIONAL (KOHA)
Fuente de clasificación
Tipo de item Libros-BMC
945 ## - PROCESAMIENTO DE INFORMACIÓN LOCAL (OCLC)
Catalogador esh
AAAA-MM-DD - Fecha de ingreso o modificacion 27-04-2026
Holdings
Estado de retiro (separado) Fuente de clasificación o esquema de estanterías Estado dañado Ubicación Sala donde se ubica Nombre de la colección Fecha de adquisición o compra Fuente de adquisición Costo, precio normal en soles Signatura topográfica Código de Barras Última vez visto (Koha) Tipo de ítem (Koha)
No     Sala Ciencias Sala Ciencias Book Cart 2026-04-27 Donación 30.00 510 / C85 SC0000002477 2026-04-27 Libros-BMC

Powered by Koha